000 00822nam a22002897a 4500
001 0000075
003 KOHA_MİRAKIL
005 20260207001158.0
007 ta
008 081212b2005 tu |||grd|||#0|||1|tur |
020 _a9754711925
_c20,375
040 _aTR-BiSEU
_btur
_cTR-BiSEU
_erda
041 0 _atur
044 _ctu
050 _aPE1645.T86
_bI54 2005
245 0 _aİngilizce-Türkçe Türkçe-İngilizce sözlük ve İngilizce dilbilgisi.
264 1 _aİstanbul :
_bFono Yayınları
_c2005
300 _a622 sayfa ;
_c22 cm
336 _ametin
_btxt
_2rdacontent
337 _aaracısız
_bn
_2rdamedia
338 _acilt
_bnc
_2rdacarrier
650 0 _aSözlükler.
_91707
650 0 _aTürk dili--Sözlükler--İngilizce.
_91708
650 0 _aDictionaries.
_91709
907 _aSözlük
942 _2lcc
_cBK
999 _c76
_d76